000 00521nam a2200169 i 4500
001 70476
003 ES-MaACL
005 20230906170828.0
007 t|
008 040726s1959 sp ||||1| spa d
100 1 _aGarcía-Valdecasas, Francisco.
_955355
245 1 0 _aFarmacología experimental y Terapéutica general /
_cpor Francisco García-Valdecasas.
250 _a3ª ed.
260 _aBarcelona :
_b[s.n.,
_c1959] (
_fTypus)
300 _aXXIII, 633 p. :
_bil. ;
_c24 cm.
852 _aES-MaACL
_jC-16498
_bR.44345
999 _c70476
_d70476